Responses for Show #5868 - Wednesday, March 3, 2010

Contestants

[<< previous game]

Suzanne Tetreault, a lawyer from Vienna, Virginia

Jordan Brand, an anesthesiologist from Westchester, New York

Jesse Achtenberg, a documentary filmmaker from Washington, D.C. (whose 1-day cash winnings total $25,200)

[next game >>]

Jeopardy! Round responses

U.S. STATES' LARGEST ISLANDS
(Alex: We'll give you the island. You identify the state.)
MOVIE SPOILERS
GEMS & JEWELRY
THE AUTHOR TWITTERS
APPLE SAUCE
FAMILIAR PHRASES
    $200 2
Utah

Jesse
    $200 11
Planet of the Apes

Jordan
    $200 1
ruby

Jordan
    $200 21
Tolstoy

Jordan
    $200 26
Franklin

Jordan
    $200 16
pass the buck

Suzanne
    $400 4
Massachusetts

Suzanne
    $400 12
The Sixth Sense

Suzanne
    $400 3
pearl

Jordan
    $400 22
(Jesse: Who is... [shakes head] Lost it.)
(Alex: Ohh, you ran out of brainpower.)

(Norman) Mailer

JesseJordan
    $400 27
grafting

Suzanne
    $400 17
sweeps clean

Suzanne
    $600 8
Alaska

Suzanne
    $600 13
Chinatown

Suzanne
    $1,000 5
(Alex: Wizard of Oz.)

the emerald

Suzanne
    $600 23
Vonnegut

Jordan
    $600 28
a fungus

Jordan
    $600 18
let your hair down

Jordan
    $800 9
Texas

Jesse
    $800 14
The Usual Suspects

Jesse
    $800 6
aquamarine

Jordan
    $800 24
Jonathan Swift

Triple Stumper
    $800 29
New York

Suzanne
    $800 19
the other cheek

Jordan
    $1000 10
Michigan

Jesse
    $1000 15
The Crying Game

Jordan
    $1000 7
an opal

Jordan
    $1000 25
(Franz) Kafka

Jordan
    $1000 30
(Suzanne: What's Rome?)
(Alex: ...Give me a little more.)
(Suzanne: What's the Rome apple?)
(Alex: No. Jesse.)
(Jesse: What is a Roma apple?)
(Alex: No. Jordan's not going to try to ring in to come up with [*], the [*] apple.)

the Rome beauty

JesseSuzanne
Triple Stumper
    $1000 20
push the envelope

Jesse

Scores at the first commercial break (after clue 15):

Jesse Jordan Suzanne
$2,800 $3,600 $3,000

Scores at the end of the Jeopardy! Round:

Jesse Jordan Suzanne
$2,400 $8,000 $3,800

Double Jeopardy! Round responses

BALLET DANCERS
THAT'S FOUL!
"E" IN SCIENCE
WHAT'S NEXT ON THE LIST?
THE '70s
CHANGE A LETTER
    $400 26
Baryshnikov

Jordan
    $400 1
clipping

Jordan
    $400 15
element

Jesse
    $400 11
Deuteronomy

Jordan
    $400 13
Alfred the Great

Jesse
    $400 6
goad

Jordan
    $800 27
Dame Margot Fonteyn

Triple Stumper
    $800 2
3

Suzanne
    $800 16
epilepsy

Jesse
    $800 12
Elizabeth II

Jesse
    $800 14
the Western Empire

Jordan
    $800 7
lathe

Jordan
    $1,000 28
(Jordan: Who is Balanchine?)

Nijinsky

Jordan
    $1200 3
arm wrestling

Jordan
    $1200 17
energy

Suzanne
    $1200 23
(Alex: Next one on the list was [*] again. She remarried him.)

Burton

Triple Stumper
    $1200 20
(Jordan: What is nitrous oxide?)

oxygen

JordanSuzanne
    $1200 8
billet

Suzanne
    $1600 29
Anna Pavlova

Triple Stumper
    $1600 4
beach volleyball (or indoor volleyball)

Jesse
    $1600 18
echinoderms

Jordan
    $2,000 24
(Jordan: Who is Ford?)

Spiro Agnew

Jordan
    $1600 21
the reservation

Jordan
    $1600 9
hale

Jordan
    $2000 30
(Jesse: Who is Tallchief?)
(Alex: Which one?)
(Jesse: [*]?)

Maria Tallchief

Jesse
    $2000 5
ping-pong (or table tennis)

Suzanne
    $2000 19
(Jordan: What is albuterol?)

ephedrine

Jordan
Triple Stumper
    $2000 25
(Alex: Good, you got your $2,000 back.)

the Empire State Building

Jordan
    $2000 22
Omar Khayyám

Triple Stumper
    $2000 10
comely

Suzanne

Scores at the end of the Double Jeopardy! Round:

Jesse Jordan Suzanne
$8,400 $13,000 $12,200

[wagering suggestions for these scores]

Final Jeopardy! Round responses

BRITISH HISTORY
JesseWhat was the British cavalry?
$8,400
SuzanneWhat is the Royal Air Force?
$4,600
JordanWhat is the RAF?
$11,405
the Royal Air Force

Final scores:

Jesse Jordan Suzanne
$0 $24,405 $16,800
3rd place: $1,000 New champion: $24,405 2nd place: $2,000

Game dynamics:

Coryat scores:

Jesse Jordan Suzanne
$8,400 $16,000 $11,800
11 R,
2 W
25 R,
4 W
(including 2 DDs)
15 R
(including 1 DD),
1 W

Combined Coryat: $36,200

[game clues] [game scores] [suggest correction]

Game tape date: 2009-12-15
The J! Archive is created by fans, for fans. Scraping, republication, monetization, and malicious use prohibited; this site may use cookies and collect identifying information. See terms. The Jeopardy! game show and all elements thereof, including but not limited to copyright and trademark thereto, are the property of Jeopardy Productions, Inc. and are protected under law. This website is not affiliated with, sponsored by, or operated by Jeopardy Productions, Inc. Join the discussion at JBoard.tv.